000 00597nam a2200181Ia 4500
008 090123s9999 xx 000 0 und d
082 _b4759
_a923.254/खेर
100 _aखेर भा.द.
245 _aलोकमान्य टिळक दर्शन
250 _a2
260 _bकेसरी मुद्रणालय
_c1977
300 _a301
600 _aखेर भा.द.
630 _aलोकमान्य टिळक दर्शन
700 _aखेर भा.द.
730 _aलोकमान्य टिळक दर्शन
942 _cBOOK
999 _c42834
_d42834